Wordt geladen...

Advanced Test Methods for Srams

Bibliografische gegevens
Hoofdauteur: Bosio, Dilillo, Girard
Gepubliceerd in: Springer 2010
LEADER 00195 a2200085 4500
100 |a Bosio, Dilillo, Girard 
245 |a Advanced Test Methods for Srams 
260 |c 2010  |b Springer 
942 |c BK  |6 _ 
999 |c 70233  |d 70233